Современный менеджмент: учебник для вузов

Xehetasun bibliografikoak
Egile nagusia: Маленков Ю. А. Юрий Алексеевич
Gaia:В учебнике рассмотрены сущность, принципы и методы современного менеджмента, одного из главных факторов успешного развития современных организаций, экономики и общества. Изложены основные понятия и концепции современного прогрессивного менеджмента, его отличия от традиционного менеджмента прошлых периодов, типология и состав функций менеджмента и функций менеджеров, описаны концепции и модели менеджмента и стратегического менеджмента, руководства, организационных структур управления, коммуникаций и развития внутренних ресурсов менеджмента.Наряду с изложением классических методов менеджмента описаны инновационные методы и подходы. Рассмотрены современные методы планирования и контроля, в том числе бизнес-планирования и расчетов экономических результатов и эффективности управления. Показаны пути развития внутренних ресурсов менеджеров и активизации их инновационного мышления на основе объектно-ориентированных деловых учений по менеджменту, методы разработки стратегий и бизнес-планов на примере решения реальных проблем создания бизнеса. Материал учебника направлен на формирование профессиональных компетенций в сфере менеджмента, стимулирование развития творческого мышления, выработку навыков системного подхода к решению сложных проблем управления. Учебник представлен в соответствии с Государственным образовательным стандартом высшего профессионального образования и рекомендуется для подготовки по направлению «Экономика» магистрам (все магистерские программы), бакалаврам, аспирантам, а также руководителям и менеджерам.
Hizkuntza:errusiera
Argitaratua: Москва, Экономика, 2010
Saila:Учебники Экономического факультета СПбГУ
Gaiak:
Formatua: MixedMaterials Liburua
KOHA link:https://koha.lib.tpu.ru/cgi-bin/koha/opac-detail.pl?biblionumber=187307

MARC

LEADER 00000nam0a2200000 4500
001 187307
005 20231101224044.0
010 |a 9785282029956 
035 |a (RuTPU)RU\TPU\book\203237 
090 |a 187307 
100 |a 20101113d2010 m y0rusy50 ca 
101 0 |a rus 
102 |a RU 
105 |a a j 001zy 
200 1 |a Современный менеджмент  |e учебник для вузов  |f Ю. А. Маленков 
210 |a Москва  |c Экономика  |d 2010 
215 |a 439 с.  |c ил. 
225 1 |a Учебники Экономического факультета СПбГУ 
320 |a Библиогр.: с. 437-439. 
330 |a В учебнике рассмотрены сущность, принципы и методы современного менеджмента, одного из главных факторов успешного развития современных организаций, экономики и общества. Изложены основные понятия и концепции современного прогрессивного менеджмента, его отличия от традиционного менеджмента прошлых периодов, типология и состав функций менеджмента и функций менеджеров, описаны концепции и модели менеджмента и стратегического менеджмента, руководства, организационных структур управления, коммуникаций и развития внутренних ресурсов менеджмента.Наряду с изложением классических методов менеджмента описаны инновационные методы и подходы. Рассмотрены современные методы планирования и контроля, в том числе бизнес-планирования и расчетов экономических результатов и эффективности управления. Показаны пути развития внутренних ресурсов менеджеров и активизации их инновационного мышления на основе объектно-ориентированных деловых учений по менеджменту, методы разработки стратегий и бизнес-планов на примере решения реальных проблем создания бизнеса. Материал учебника направлен на формирование профессиональных компетенций в сфере менеджмента, стимулирование развития творческого мышления, выработку навыков системного подхода к решению сложных проблем управления. Учебник представлен в соответствии с Государственным образовательным стандартом высшего профессионального образования и рекомендуется для подготовки по направлению «Экономика» магистрам (все магистерские программы), бакалаврам, аспирантам, а также руководителям и менеджерам. 
606 1 |a Менеджмент  |2 stltpush  |3 (RuTPU)RU\TPU\subj\42098  |9 61850 
610 1 |a управление 
610 1 |a глобальная экономика 
610 1 |a системный подход 
610 1 |a концепции 
610 1 |a типология 
610 1 |a школы управления 
610 1 |a прогрессиивный менеджмент 
610 1 |a планирование 
610 1 |a контроль 
610 1 |a бизнес-планы 
610 1 |a структура 
610 1 |a командные методы 
610 1 |a управленческие коммуникации 
610 1 |a организационные структуры 
610 1 |a менеджеры 
610 1 |a деловые игры 
610 1 |a внутренние резервы 
610 1 |a учебники 
686 |a У9(2)212я73  |v LBC/SL-A  |2 rubbk 
700 1 |a Маленков  |b Ю. А.  |g Юрий Алексеевич 
801 1 |a RU  |b 63413507  |c 20101113 
801 2 |a RU  |b 63413507  |c 20150515  |g RCR 
942 |c BK